000
00292nam a2200121Ia 4500
008
220204s9999 xx 000 0 und d
082
_a
638.1(540)
_b
SAR
100
_a
Sardar Singh
245
0
_a
Beekeeping in India
260
_a
New Delhi
_b
ICAR
_c
1975
650
_a
Bee pasturage
942
_c
BK
999
_c
25959
_d
25959